Iniciación al estudio cíclico de las ciencias cosmológicas (físico-naturales) : primer curso

Gespeichert in:
Bibliographische Detailangaben
1. Verfasser: Luna Arenes, Feliciano
Format: Buch
Sprache:Spanisch
Erschienen: Madrid : [s.n.], 1942
Ausgabe:5ª ed
Katalog:MANES:  Suchergebnis im Bibliothekskatalog
Schulbuchspezifische Eigenschaften:
Tags: Tag hinzufügen
Keine Tags, Fügen Sie den ersten Tag hinzu!
Hinzugefügt zu:06.02.2003
Geändert in:07.05.2025

MARC

LEADER 00000cam a2200000 i 4500
005 20250507134412.0
008 030207s1942 espao 000 0 spa d
040 |a uned  |b spa  |c entro-manes 
100 1 |a Luna Arenes, Feliciano  |9 20788 
245 1 0 |a Iniciación al estudio cíclico de las ciencias cosmológicas (físico-naturales) :   |b primer curso /   |c Feliciano Luna Arenes 
250 |a 5ª ed 
260 |a Madrid :   |b  [s.n.],   |c 1942 
300 |a 206 :   |b il. 
546 |a España 
561 |5 es-BUNED  |3 L.T. 3522  |a España. Fondo Manes UNED  |k MANES 
690 0 |a CN  |a FQ 
691 0 |a SE 
942 |2 ddc  |c BK 
999 |c 93621  |d 93621 
999 |c manes:93621  |d 93621